• 首页
  • 本馆介绍
  • 公告通知
  • 最新文献
  • 馆藏检索
  • 电子资源
  • 读者导购
  • 参考咨询
  • 我的图书馆
  • 登录
  • 详细信息显示
  • 放入我的书架
  • 预约/预借图书
  • 作者相关作品
  • 分类相关作品
  • 丛书相关作品
  • 出版社相关作品

书目信息

  • 表格格式
  • 工作单格式
  • 卡片格式
题名:
灾害经济学
    
 
作者: 郑功成 著
分册:  
出版信息:   湖南人民出版社  
页数: 416页
开本: 24cm
丛书名:
单 册:
中图分类: P694
科图分类:
主题词: 天文学 , 地球科学
电子资源:
ISBN: 978-7-5438-1801-9
000 00564nam0 2200193 450
001 202411011016629170
005 20241101093235.37
010    @a978-7-5438-1801-9@d¥25.50
100    @a20241101d km y0chiy0120 ea
101 0  @achi
200 1  @a灾害经济学@AZai Hai Jing Ji Xue@f郑功成著@FZheng Gong Cheng Zhu
210    @c湖南人民出版社
215    @a416页@d24cm
606 0  @a天文学
606 0  @a地球科学
690    @aP694@v4
701  0 @a郑功成@AZheng Gong Cheng@4著
801  0 @aCN@b大连网信软件有限公司图书馆·11@c20241101
905    @aZUCC@b1431100@dP694@e174@f1
    
    灾害经济学/郑功成著.-湖南人民出版社
    416页;24cm
    
    
    ISBN 978-7-5438-1801-9:¥25.50
    
●
相关链接 在E读中查询图书 在五车中查询图书 在当当中查询图书 在豆瓣中查询图书


正题名:灾害经济学     索取号:P694/174         预约/预借

序号 登录号 条形码 馆藏地/架位号 状态 备注
1 1431100   214311001   密集书库-史法系/ [索取号:P694/174] 在馆    
唐山师范学院图书馆 欢迎您!
大连网信软件有限公司© 版权所有